Statistics for Bacon Puzzle - Films

Click here to take the quiz!

General Stats

  • This quiz has been taken 129 times
  • The average score is 3 of 14

Answer Stats

FilmCo-star 1Co-star 2% Correct
Up in the AirAnna KendrickMelanie Lynskey
78%
Bride WarsAnne HathawayKate Hudson
69%
ElizabethtownKirsten DunstJessica Biel
60%
Wish I Was HereKate HudsonAshley Greene
39%
WimbledonPaul BettanyKirsten Dunst
36%
Pitch PerfectBrittany SnowAnna Kendrick
11%
A Beautiful MindJosh LucasPaul Bettany
7%
Total RecallJessica BielBill Nighy
6%
Prom NightKellan LutzBrittany Snow
6%
TwilightAshley GreeneKellan Lutz
4%
Ella EnchantedParminder NagraAnne Hathaway
4%
The Constant GardenerBill NighyArchie Panjabi
2%
Sweet Home AlabamaMelanie LynskeyJosh Lucas
2%
Bend It Like BeckhamArchie PanjabiParminder Nagra
1%

Score Distribution

Percentile by Number Answered

Percent of People with Each Score

Your Score History

You have not taken this quiz